Cloudbusting - Kate Bush (All Lyrics) - Statistics

General Stats
  • This quiz has been taken 91 times
  • The average score is 193 of 239
Answer Stats
Answer % Correct
I
100%
a
95%
in
95%
In
95%
me
95%
my
95%
out
95%
So
95%
the
95%
you
95%
You
95%
your
95%
Your
95%
And
90%
and
90%
coming
90%
head
90%
here
90%
is
90%
it
90%
just
90%
of
90%
still
90%
sun
90%
That
90%
that
90%
time
90%
When
90%
when
90%
But
85%
could
85%
don't
85%
dream
85%
even
85%
good
85%
know
85%
make
85%
rain
85%
You're
85%
you're
85%
crying
80%
every
80%
gonna
80%
happen
80%
Oh,
80%
something
80%
up
80%
wake
80%
be
75%
like
75%
Like
75%
made
75%
Made
75%
making
75%
rains
75%
saying
75%
men
70%
To
70%
to
70%
big
65%
Daddy
65%
daddy
65%
dark
65%
forget
65%
From
65%
government
65%
hid
65%
Ooh,
65%
special
65%
yo-yo
65%
black
60%
dangerous
60%
garden
60%
son's
60%
won't
60%
can't
55%
car
55%
cloudbusting
55%
God,
55%
On
55%
reach
55%
see
55%
their
55%
them
55%
threat
55%
too
55%
What
55%
'Cause
50%
escape
50%
glowed
50%
hide
50%
We're
50%
world
50%
edge
45%
power
45%
small
45%
top
45%
bury
40%
going
40%
Orgonon
40%
over
40%
sleep
40%
Looking
35%
looked
30%
No matching quizzes found
Score Distribution
Percent of People with Each Score
Percentile by Number Answered
Your Score History
You have not taken this quiz